| 000 | 01124cam a2200349Ii 4500 | ||
|---|---|---|---|
| 999 |
_c6800 _d6800 |
||
| 001 | 242184 | ||
| 003 | GBCCL | ||
| 005 | 20241126110612.0 | ||
| 008 | 800115r19791891miu 000 0 eng d | ||
| 020 | _a0801055881 | ||
| 020 | _a9780801055881 | ||
| 035 | _a(OCoLC)ocm05874128 | ||
| 035 |
_a(OCoLC)5874128 _z(OCoLC)65826031 |
||
| 040 |
_aSTS _beng _cSTS _dOCL _dOCLCG _dAU@ _dUAB _dOCLCQ _dOCLCO _dOCLCA |
||
| 041 | 1 |
_aeng _hger |
|
| 049 | _aLBBK | ||
| 050 | 4 |
_aBS2685 _b.L8 1891 |
|
| 055 | 3 |
_aBS2685.3 _bL973 E3 1979 |
|
| 082 | 0 | 4 |
_a227.4077 _222 _bLUT |
| 090 |
_aBS2685 _b.L8 1979 |
||
| 100 | 1 |
_aLuther, Martin, _d1483-1546. _93327 |
|
| 245 | 1 | 2 |
_aA commentary on Saint Paul's epistle to the Galatians / _cby Martin Luther. |
| 260 |
_aGrand Rapids : _bBaker Book House, _c1979. |
||
| 300 |
_a575 pages ; _c21 cm. |
||
| 336 |
_atext _btxt _2rdacontent |
||
| 337 |
_aunmediated _bn _2rdamedia |
||
| 338 |
_avolume _bnc _2rdacarrier |
||
| 490 | 0 | _aGiant summit books | |
| 500 | _aReprinted from the ed. issued in 1891 by John Highland of Philadelphia. | ||
| 630 | 0 | 0 |
_aBible. _pGalatians _vCommentaries. _99746 |
| 942 |
_2ddc _cREF |
||